| 000 | 00868cam a2200277 4500 | ||
|---|---|---|---|
| 999 |
_c1519 _d1519 |
||
| 001 | 20716 | ||
| 003 | GBCCL | ||
| 005 | 20241126110403.0 | ||
| 008 | 690814s1969 nyub b 000 0beng | ||
| 010 | _a 69015194 //r862 | ||
| 035 | _a(OCoLC)00012309 | ||
| 040 | _cgbc | ||
| 049 |
_aLBBK _aLBBC _c1-2 |
||
| 050 | 0 | 0 |
_aBS2506 _b.P58 |
| 082 |
_a225.92 _bPOL |
||
| 100 | 1 |
_aPollock, John Charles. _91348 |
|
| 245 | 1 | 4 |
_aThe apostle: a life of Paul, _cby John Pollock. |
| 250 | _a[1st ed.] | ||
| 260 |
_aGarden City, N.Y., _bDoubleday, _c1969. |
||
| 300 |
_axiv, 244 p. _bmaps (on lining papers) _c22 cm. |
||
| 504 | _aBibliographical references included in "Notes" (p. [239]-244) | ||
| 600 | 0 | 0 |
_aPaul, _cthe Apostle, Saint. _91848 |
| 650 | 0 |
_aChristian saints _zTurkey _zTarsus _xBiography. _93054 |
|
| 651 | 0 |
_aTarsus (Turkey) _xBiography. _93055 |
|
| 942 |
_2ddc _cBK _016 |
||